| 000 | 01780pam a2200337 a 4500 | ||
|---|---|---|---|
| 001 | 669832 | ||
| 003 | ARRUPE | ||
| 005 | 20160412143937.0 | ||
| 008 | 950206s1995 nyuab b 000 0 eng | ||
| 010 | _a 95004258 | ||
| 020 | _a0679411917 | ||
| 028 | _aF3722.1H83 | ||
| 040 |
_aDLC _cDLC _dDLC |
||
| 043 |
_as-ec--- _asa----- |
||
| 050 | 0 | 0 | _aF3722.1H83 |
| 082 | 0 | 0 |
_a333.3/0981/1 _220 |
| 100 | 1 |
_aKane, Joe. _923709 |
|
| 245 | 1 | 0 |
_aSavages / _cJoe Kane. |
| 250 | _a1st ed. | ||
| 260 |
_aNew York : _bKnopf : _bDistributed by Random House, _c1997. |
||
| 300 |
_axi, 273 p.; _bcol. ill., map ; _c25 cm. |
||
| 500 | _a"Portions of this book were originally published in The New Yorker in slightly different form as 'Amazon showdown: a Stone Age tribe fights American oil' (9/27/93) and 'an Amazon Indian in D.C.'s jungle' (5/2/94)"--T.p. verso. | ||
| 504 | _aIncludes bibliographical references (p. 259-273). | ||
| 520 | 1 |
_a"Journalist's fascinating and well-written account of the Huao peoples' struggle against North American oil companies and evangelical missionaries resulting from the construction of the oil pipeline in the Ecuadorian Amazon. Provides an insider's view of international NGO politics, indigenous federation politics, missionized indigenous peoples, and the special place occupied by the Huao in Ecuadorian indigenous struggles"--Handbook of Latin American Studies, v. 57. _uhttp://www.loc.gov/hlas/ |
|
| 650 | 0 |
_aHuaorani Indians _xLand tenure. _923710 |
|
| 650 | 0 |
_aHuman ecology _zEcuador. _923711 |
|
| 650 | 0 |
_aHuman ecology _zAmazon River Valley. _923712 |
|
| 906 |
_a7 _bcbc _corignew _d1 _eocip _f19 _gy-gencatlg |
||
| 942 |
_2lcc _cMONOGRAPH |
||
| 999 |
_c124582 _d124582 |
||